| 000 | 00340nam a2200121Ia 4500 | ||
|---|---|---|---|
| 008 | 191201s2015 xx 000 0 und d | ||
| 100 | _aRAO, J S | ||
| 245 | 0 | _aIntroductory Course on Theory and Practice of Mechanical Vibrations | |
| 260 |
_aN. Delhi _bNew Age International _c2015 |
||
| 300 | _a538 | ||
| 650 | _aB.Tech(ME) | ||
| 942 |
_2ddc _cBK |
||
| 999 |
_c6121 _d6121 |
||